Sobre hechos e ideas políticas (Record no. 85634)

MARC details
000 -LEADER
fixed length control field 00571cam a2200193 4500
005 - DATE AND TIME OF LATEST TRANSACTION
control field 20190926102738.0
008 - FIXED-LENGTH DATA ELEMENTS--GENERAL INFORMATION
fixed length control field 190924b mx ||||| |||| 00| 0 spa d
020 ## - INTERNATIONAL STANDARD BOOK NUMBER
International Standard Book Number 9875070491
050 04 - LIBRARY OF CONGRESS CALL NUMBER
Classification number JA83
Item number V46 1998
100 1# - MAIN ENTRY--PERSONAL NAME
Personal name Ventura, Eduardo,
Relator term autor
245 10 - TITLE STATEMENT
Title Sobre hechos e ideas políticas
Statement of responsibility, etc / Eduardo Ventura.
250 ## - EDITION STATEMENT
Edition statement 2a ed.
260 ## - PUBLICATION, DISTRIBUTION, ETC. (IMPRINT)
Place of publication, distribution, etc Buenos Aires, Argentina :
Name of publisher, distributor, etc Ciudad Argentina,
Date of publication, distribution, etc 1998
300 ## - PHYSICAL DESCRIPTION
Extent 526 p. ;
Dimensions 20 cm.
500 ## - GENERAL NOTE
General note Incluye bibliografia
650 #7 - SUBJECT ADDED ENTRY--TOPICAL TERM
Source of heading or term lemb
Topical term or geographic name as entry element Ideología política
650 #7 - SUBJECT ADDED ENTRY--TOPICAL TERM
Source of heading or term lemb
Topical term or geographic name as entry element Tácticas políticas
General subdivision Historia
942 ## - ADDED ENTRY ELEMENTS (KOHA)
Source of classification or shelving scheme Biblioteca del Cogreso de los Estados Unidos
Koha item type Libro
Holdings
Estado de pérdida Fuente de clasificación Estado del daño No para préstamo Ubicación permanente Ubicación actual Apartado o colección Fecha de adquisición Edición Dependencia de educación superior (DES) Área del conocimiento Clasificación Código de Barras Date last seen Número de copia Costo por reposición Tipo de recurso
  Biblioteca del Cogreso de los Estados Unidos     Biblioteca de la Facultad de Derecho y Ciencias Sociales "Felipe J. Tena" Biblioteca de la Facultad de Derecho y Ciencias Sociales "Felipe J. Tena" General 24/09/2019 2a ed. Derecho Ciencias Sociales y Administrativas JA83 V46 1998 BFD000011698 24/09/2019 1 1.00 Libro